000 00474nam a2200181Ia 4500
008 221030s9999 xx 000 0 und d
020 _a8122403212
041 _aEnglish
082 _a105.23
_bVer
100 _aA. R. Verma
245 0 _aCrystallography Applied to Solid State Physics
_cby A. R. Verma, O. N. Srivastava
250 _a2nd
260 _bWiley Eastern
_aNew Delhi
_c1991
300 _a1991
650 _aPhysics
700 _aO. N. Srivastava
942 _cBK
999 _c6538
_d6538